00775nam a2200241 i 4500001001100000003000500011005001700016008004100033020002900074040002500103082001600128245006300144264005400207300004800261336002100309337002500330338002300355490003000378650003300408650002800441700003400469830003000503C2-0322929PPAK20210613113829.0130918s2013 my a d | 0 0 may d a9789675661723qpaperback aPPAKbengcPPAKerda04a305.23522300aPembentukan insan cemerlang /cPenyusun : Ahmad Iman Arief 1aKuala Lumpur : bSuregain Media Enterprise,c2013 a60 pages : bcolour illustrations ; c28 cm 2rdacontentatext 2rdamediaaunmediated 2rdacarrieravolume1 aSiri remaja dan jati diri10aTeenagers vConduct of life20aTeenagers vPsychology.0 aAhmad Iman Arief, ecompiler. 0aSiri remaja dan jati diri